| Tag |
First Indicator |
Second Indicator |
Subfields |
| LEADER |
00000cam a2200000 a 4500 |
| 001 |
in00000018105 |
| 005 |
20151007053144.0 |
| 008 |
880611s1984 sp 00010 spa d |
| 020 |
|
|
|a 8435901033
|
| 035 |
|
|
|a (OCoLC)18074611
|
| 035 |
|
|
|9 AAB0589AM
|
| 040 |
|
|
|a TXA
|c TXA
|d UtOrBLW
|
| 043 |
|
|
|a e-sp---
|
| 049 |
|
|
|a TXAM
|c [A08342055]
|
| 050 |
|
4 |
|a PC4143
|b .E8 1984
|
| 100 |
1 |
|
|a Escarpanter, José A.
|
| 245 |
1 |
0 |
|a Ortografía moderna /
|c José A. Escarpanter.
|
| 250 |
|
|
|a 17th ed.
|
| 264 |
|
1 |
|a Madrid :
|b Playor,
|c 1984.
|
| 300 |
|
|
|a 200 pages ;
|c 24 cm.
|
| 336 |
|
|
|a text
|b txt
|2 rdacontent
|
| 337 |
|
|
|a unmediated
|b n
|2 rdamedia
|
| 338 |
|
|
|a volume
|b nc
|2 rdacarrier
|
| 500 |
|
|
|a Cover title: Como Dominar la ortografia.
|
| 650 |
|
0 |
|a Spanish language
|x Orthography and spelling.
|
| 740 |
0 |
|
|a Como Dominar la ortografia.
|
| 999 |
|
|
|a MARS
|
| 999 |
f |
f |
|s 73a977b2-4ad6-3573-8dfb-a2d9897e1a54
|i 9fa9e188-4e78-352c-be40-9e04b3bc8dbe
|t 0
|
| 952 |
f |
f |
|p normal
|a Texas A&M University
|b College Station
|c Sterling C. Evans Library
|d Evans: Library Stacks
|t 0
|e PC4143 .E8 1984
|h Library of Congress classification
|i unmediated -- volume
|m A14808342055
|
| 998 |
f |
f |
|a PC4143 .E8 1984
|t 0
|l Evans: Library Stacks
|